| 000 | 005500000a22001810004500 | ||
|---|---|---|---|
| 003 | MACL | ||
| 005 | 20160603165918.0 | ||
| 008 | 160603b xxu||||| |||| 00| 0 eng d | ||
| 040 |
_aMACL _cMACL |
||
| 041 | _aHindi | ||
| 082 | _a920 PAT | ||
| 100 |
_aपाठक, उमा _957637 |
||
| 245 |
_aसरोजिनी नायडू _cउमा पाठक |
||
| 260 |
_bआत्माराम एण्ड संस _c2000 _aनई दिल्ली |
||
| 350 | _a225 | ||
| 650 |
_aBiography _962259 |
||
| 942 |
_cHIN _k920/PAT _2ddc |
||
| 999 |
_c12196 _d12196 |
||